00789nam a2200253uu 4500001000800000005001700008008004100025035001200066040001300078041000800091080000800099100004600107245009000153260004300243300001000286650003300296650003900329650001800368650002800386650001300414650002100427700003900448700004800487113124220260507085859.0090313e19900313 spa  a1131242 ccomduadb aspa aG/F10aAgudelo Bedoya, María Eugenia4auteaut10aFamilia : vida doméstica y sociedad en la época de la colonia en Hispanoamérica aMedellín :b[sin publicador],c1990. a36 .h aHistoria colonial, 1561-1810 aRodriguez Freyle, Juan. El carnero 7aFamilia2lemb aCostumbrismo - Colombia aSociedad aHispanoamérica10aIbarra de Puerta, Haidee4auteaut10aOlarte Valencia, María Cristina4auteaut